000 00811nam a2200265 i 4500
001 C2-0299544
003 PPAK
005 20180728081157.0
008 090810s2009 my |||| ||||| | may d
020 _a9789835204937
040 _aPPAK
_beng
_cPPAK
_erda
082 0 4 _a378.9595
_223
090 0 0 _a378.9595
_bZAI
_dR
100 0 _aZaini Ujang,
_eauthor
245 1 0 _aMewarisi perjuangan menjayakan transformasi memacu kegemilangan
264 1 _aSkudai, Johor :
_bPenerbit Universiti Teknologi Malaysia ,
_c2009
300 _aviii, 68 pages ;
_c23 cm
336 _2rdacontent
_atext
337 _2rdamedia
_aunmediated
338 _2rdacarrier
_avolume
490 1 _aSiri perutusan naib canselor
650 1 0 _aEducation, Higher - Malaysia
830 0 _aSiri perutusan naib canselor
942 _ddc
_cB
999 _c103475
_d103475